History Quiz

Random History or Discovery Quiz

Famous Explorers Quiz Stats

 Plays Quiz Updated Aug 3, 2018

Score 0/14 Timer 06:00
9 Plays Today
Accomplishment Explorer % Correct
Credited with discovering the 'New World' of the AmericasChristopher Columbus
97.6%
Initiated the first successful attempt to circumnavigate the EarthFerdinand Magellan
73.9%
Spanish conquistador who initiated the conquest of the Aztec EmpireHernán Cortés
61%
The continents of North and South America derive their name from this manAmerigo Vespucci
59.3%
Recorded the first circumnavigation of New ZealandJames Cook
47.1%
Explored Florida looking for the fountain of youthJuan Ponce de León
45.7%
Explored much of northeastern North America - died when his crew mutiniedHenry Hudson
43.5%
Accomplishment Explorer % Correct
The first Englishman to sail around the world and live to tell about itSir Francis Drake
39.2%
Discovered the sea route to IndiaVasco da Gama
33%
Discovered Newfoundland and claimed it for EnglandJohn Cabot
26.7%
The first European to discover the Mississippi RiverHernando de Soto
24.2%
Danish navigator who claimed Alaska for RussiaVitus Jonassen Bering
20.4%
Discovered and claimed Canada for FranceJacques Cartier
19.2%
Discovered the Grand Canyon while trying to find the 7 cities of goldFrancisco Vásquez de Coronado
16%

You're not logged in!

Compare scores with friends on all Sporcle quizzes.
OR
Log In

Sporcle TV

Today on Sporcle TV


Watch our educational content, quiz creation guides, and fun videos on Sporcle TV.

Show Comments

Extras

Top Quizzes Today


Score Distribution

Your Account Isn't Verified!

In order to create a playlist on Sporcle, you need to verify the email address you used during registration. Go to your Sporcle Settings to finish the process.

Report this User

Report this user for behavior that violates our Community Guidelines.

Details: